000 00311nam a2200109Ia 4500
008 180205s9999 xx 000 0 und d
020 _a9710846825
100 _aBisa, Simplicio P.
245 _aDiwa ng lahi :
_bpara sa komunikasyon
260 _aQuezon City
_bNational book store
_c1990
300 _aiii, 202 pages
999 _c354691
_d354691